[Event "Oberliga Ost B 2016 2017"]
[Site "Germany"]
[Date "2017.04.23"]
[Round "9.3"]
[White "Friedrich, Wiede"]
[Black "Chandler, Patrick"]
[Result "1-0"]
[WhiteElo "2302"]
[BlackElo "2154"]
[PlyCount "79"]
[EventDate "2016.10.16"]
[EventType "team-tourn"]
[EventCountry "GER"]
[WhiteTeam "Erfurt SV Empor"]
[BlackTeam "Frankfurt SC Koenig Nied"]
[WhiteTeamCountry "GER"]
[BlackTeamCountry "GER"]

1. e4 Nf6 2. Nc3 d5 3. e5 Nfd7 4. Nxd5 Nxe5 5. Ne3 c5 6. Nf3 Nxf3+ 7. Qxf3 Nc6
8. b3 Nd4 9. Qe4 e6 10. Bb2 Be7 11. b4 O-O 12. bxc5 Nc6 13. Bb5 f5 14. Qc4 Qc7
15. O-O Nd8 16. Qc3 Bf6 17. d4 Kh8 18. Rab1 a6 19. Be2 Nc6 20. Qc4 Bd7 21. Rfd1
Rac8 22. Qb3 Ne7 23. Bf3 Bc6 24. Qxe6 Bxf3 25. gxf3 Qf4 26. d5 Bxb2 27. Rxb2
Ng6 28. Ng2 Qxf3 29. Rd3 Qg4 30. Qe3 Rce8 31. f3 Qh3 32. Qf2 f4 33. d6 Ne5 34.
Rc3 Rf6 35. Rb4 Ref8 36. Re4 Ng6 37. Rb3 Rf5 38. Rxb7 Rg5 39. Kh1 Rh5 40. Nxf4
1-0

[Event "Oberliga Ost B 2016 2017"]
[Site "Germany"]
[Date "2017.04.23"]
[Round "9.2"]
[White "Hausknecht, Matthias"]
[Black "Koch, Markus"]
[Result "1-0"]
[WhiteElo "2186"]
[BlackElo "2168"]
[PlyCount "95"]
[EventDate "2016.10.16"]
[EventType "team-tourn"]
[EventCountry "GER"]
[WhiteTeam "Erfurt SV Medizin"]
[BlackTeam "Frankfurt SC Brett vorm Kopp"]
[WhiteTeamCountry "GER"]
[BlackTeamCountry "GER"]

1. b3 Nf6 2. Bb2 e6 3. Nf3 b6 4. g3 Bb7 5. Bg2 c5 6. O-O Be7 7. c4 O-O 8. Nc3
d6 9. e3 Nbd7 10. d4 cxd4 11. Nxd4 Bxg2 12. Kxg2 Qc7 13. f4 Rfe8 14. Qf3 a6 15.
Rad1 Bf8 16. Rd2 Rac8 17. Nde2 e5 18. Nd5 Nxd5 19. Qxd5 Nf6 20. Qf3 b5 21. Rc1
Qb6 22. Rdc2 bxc4 23. Rxc4 Rxc4 24. Rxc4 d5 25. Rc2 d4 26. fxe5 d3 27. Rc1 Nd7
28. Nf4 Qb5 29. e6 fxe6 30. e4 Nc5 31. Rd1 Rd8 32. Ba3 d2 33. Bxc5 Bxc5 34.
Nxe6 Rd3 35. Qf5 Ba3 36. Ng5 Qxf5 37. exf5 Bc1 38. Nf3 Rc3 39. Kf2 Rc2 40. a4
Rc3 41. Nxd2 Bxd2 42. Rxd2 Rxb3 43. Rd6 Rb2+ 44. Kg1 Rb1+ 45. Kg2 Rb2+ 46. Kh3
Rf2 47. g4 Rf3+ 48. Kh4 1-0

[Event "Oberliga Ost B 2016 2017"]
[Site "Germany"]
[Date "2017.04.23"]
[Round "9.3"]
[White "Wendel, Stephan"]
[Black "Nguyen, Huy Dat"]
[Result "1/2-1/2"]
[WhiteElo "2273"]
[BlackElo "2174"]
[PlyCount "47"]
[EventDate "2016.10.16"]
[EventType "team-tourn"]
[EventCountry "GER"]
[WhiteTeam "Frankfurt SC Brett vorm Kopp"]
[BlackTeam "Erfurt SV Medizin"]
[WhiteTeamCountry "GER"]
[BlackTeamCountry "GER"]

1. e4 c5 2. Nf3 Nc6 3. Bb5 g6 4. O-O Bg7 5. c3 Nf6 6. e5 Nd5 7. d4 cxd4 8. cxd4
O-O 9. Nc3 Nxc3 10. bxc3 d6 11. exd6 Qxd6 12. h3 Bf5 13. Re1 Rfc8 14. Bg5 Bf8
15. Qd2 Na5 16. Bh6 Bg7 17. Bxg7 Kxg7 18. Re5 a6 19. Bf1 Rc7 20. Rae1 h6 21. c4
Nxc4 22. Bxc4 Rxc4 23. Rxe7 Rc7 24. Rxc7 1/2-1/2

[Event "Oberliga Ost B 2016 2017"]
[Site "Germany"]
[Date "2017.04.23"]
[Round "9.4"]
[White "Kirschbaum, Gunnar"]
[Black "Wege, Jochen"]
[Result "0-1"]
[WhiteElo "2141"]
[BlackElo "2295"]
[PlyCount "60"]
[EventDate "2016.10.16"]
[EventType "team-tourn"]
[EventCountry "GER"]
[WhiteTeam "Erfurt SV Medizin"]
[BlackTeam "Frankfurt SC Brett vorm Kopp"]
[WhiteTeamCountry "GER"]
[BlackTeamCountry "GER"]

1. d4 e6 2. e4 d5 3. exd5 exd5 4. c4 Be7 5. Nc3 Nf6 6. h3 O-O 7. Nf3 Be6 8. c5
b6 9. cxb6 axb6 10. Bd3 c5 11. O-O Nc6 12. Be3 c4 13. Bb1 h6 14. Qd2 Re8 15.
Ne5 Nxe5 16. dxe5 Nd7 17. f4 Bc5 18. f5 Qg5 19. Re1 Nxe5 20. fxe6 Nf3+ 21. Kh1
Bxe3 22. Qxe3 Nxe1 23. Qxe1 Rxe6 24. Qf2 Rae8 25. Bc2 g6 26. Rd1 Re5 27. Kh2 b5
28. a3 R8e7 29. Qd2 Re3 30. Qf2 Qe5+ 0-1

[Event "Oberliga Ost B 2016 2017"]
[Site "Germany"]
[Date "2017.04.23"]
[Round "9.5"]
[White "Kues, Jarl Hendrik"]
[Black "Reichel, Norbert"]
[Result "1/2-1/2"]
[WhiteElo "2136"]
[BlackElo "2131"]
[PlyCount "39"]
[EventDate "2016.10.16"]
[EventType "team-tourn"]
[EventCountry "GER"]
[WhiteTeam "Frankfurt SC Brett vorm Kopp"]
[BlackTeam "Erfurt SV Medizin"]
[WhiteTeamCountry "GER"]
[BlackTeamCountry "GER"]

1. d4 Nf6 2. Nf3 g6 3. Bf4 Bg7 4. e3 O-O 5. h3 d6 6. Be2 c5 7. c3 b6 8. O-O Bb7
9. Nbd2 Nbd7 10. a4 Re8 11. Bh2 a6 12. Re1 Bc6 13. Bf1 b5 14. e4 cxd4 15. Nxd4
Qb6 16. Nxc6 Qxc6 17. axb5 axb5 18. Qe2 Rxa1 19. Rxa1 Rb8 20. Re1 1/2-1/2

[Event "Oberliga Ost B 2016 2017"]
[Site "Germany"]
[Date "2017.04.23"]
[Round "9.6"]
[White "Mueller Ludwig, Kristin"]
[Black "Barpiyeva, Gulsana"]
[Result "1/2-1/2"]
[WhiteElo "2078"]
[BlackElo "2086"]
[PlyCount "31"]
[EventDate "2016.10.16"]
[EventType "team-tourn"]
[EventCountry "GER"]
[WhiteTeam "Erfurt SV Medizin"]
[BlackTeam "Frankfurt SC Brett vorm Kopp"]
[WhiteTeamCountry "GER"]
[BlackTeamCountry "GER"]

1. e4 c5 2. Nf3 e6 3. d4 cxd4 4. Nxd4 a6 5. c4 Qc7 6. Nc3 Nf6 7. Be2 Be7 8. Be3
d6 9. O-O O-O 10. Qd2 b6 11. Rfd1 Bb7 12. f3 Nbd7 13. Rac1 Rac8 14. Bf1 Rfd8
15. a3 Qb8 16. b4 1/2-1/2

[Event "Oberliga Ost B 2016 2017"]
[Site "Germany"]
[Date "2017.04.23"]
[Round "9.7"]
[White "Syed, Tareq"]
[Black "Jakob, Matthias"]
[Result "0-1"]
[WhiteElo "2010"]
[BlackElo "2068"]
[PlyCount "72"]
[EventDate "2016.10.16"]
[EventType "team-tourn"]
[EventCountry "GER"]
[WhiteTeam "Frankfurt SC Brett vorm Kopp"]
[BlackTeam "Erfurt SV Medizin"]
[WhiteTeamCountry "GER"]
[BlackTeamCountry "GER"]

1. e4 Nc6 2. Nf3 d6 3. c3 Nf6 4. d3 g6 5. Be2 Bg7 6. O-O O-O 7. Re1 e5 8. b4 a6
9. a4 Ne8 10. Na3 Kh8 11. Nc4 f5 12. exf5 Bxf5 13. Bg5 Nf6 14. b5 Ne7 15. Qd2
Neg8 16. b6 h6 17. bxc7 Qxc7 18. Be3 Nd5 19. Nh4 Kh7 20. Nxf5 gxf5 21. a5 Nge7
22. Rab1 Nxe3 23. Nxe3 Rab8 24. Nc4 d5 25. Nb6 Rbd8 26. Qa2 e4 27. dxe4 fxe4
28. c4 d4 29. Nd5 Nxd5 30. cxd5 d3 31. Bg4 Bd4 32. Rf1 Rb8 33. Be6 b5 34. axb6
Rxb6 35. Rxb6 Qxb6 36. Qd2 Rxf2 0-1

[Event "Oberliga Ost B 2016 2017"]
[Site "Germany"]
[Date "2017.04.23"]
[Round "9.8"]
[White "Zeuner, Ulrich"]
[Black "Goebel, Andreas"]
[Result "1/2-1/2"]
[WhiteElo "2073"]
[BlackElo "1980"]
[PlyCount "80"]
[EventDate "2016.10.16"]
[EventType "team-tourn"]
[EventCountry "GER"]
[WhiteTeam "Erfurt SV Medizin"]
[BlackTeam "Frankfurt SC Brett vorm Kopp"]
[WhiteTeamCountry "GER"]
[BlackTeamCountry "GER"]

1. e4 c6 2. d3 d5 3. Nd2 e5 4. Ngf3 Nd7 5. g3 Ngf6 6. Bg2 Bc5 7. O-O O-O 8. c3
Re8 9. Qc2 dxe4 10. dxe4 Nf8 11. b4 Bb6 12. Nc4 Bc7 13. a4 Ng6 14. Rd1 Qe7 15.
Ne3 Be6 16. Ng5 Rad8 17. Nxe6 Qxe6 18. Bb2 Rxd1+ 19. Rxd1 Rd8 20. Rxd8+ Bxd8
21. c4 Qd7 22. h3 Bc7 23. c5 Nf8 24. Nc4 Ng6 25. Bc3 Ne8 26. Ne3 a6 27. h4 Kf8
28. Kh2 Ne7 29. Bh3 Qd8 30. Nc4 f6 31. Qe2 g6 32. Ne3 Ng7 33. Ng4 Ng8 34. b5
axb5 35. axb5 h5 36. Ne3 Ba5 37. Bxa5 Qxa5 38. bxc6 bxc6 39. Qc4 Qd2 40. Kg2
Ne7 1/2-1/2

[Event "Oberliga Ost B 2016 2017"]
[Site "Germany"]
[Date "2017.04.23"]
[Round "9.1"]
[White "Lubbe, Nikolas"]
[Black "Keller, Peter"]
[Result "1-0"]
[WhiteElo "2500"]
[BlackElo "2285"]
[PlyCount "59"]
[EventDate "2016.10.16"]
[EventType "team-tourn"]
[EventCountry "GER"]
[WhiteTeam "Neuberg SF"]
[BlackTeam "Frankfurter TV"]
[WhiteTeamCountry "GER"]
[BlackTeamCountry "GER"]

1. Nf3 d5 2. c4 c6 3. e3 Nf6 4. Nc3 a6 5. b3 Bf5 6. Bb2 e6 7. d4 Nbd7 8. Bd3
Bg6 9. O-O Be7 10. Qc2 b5 11. Ne2 Bxd3 12. Qxd3 Ne4 13. Nd2 Nxd2 14. Qxd2 O-O
15. Rfc1 bxc4 16. bxc4 Nb6 17. c5 Nc4 18. Qc2 Rb8 19. Bc3 Rb5 20. a4 Rb7 21.
Nf4 Qc7 22. Nd3 Rfb8 23. g3 f6 24. e4 e5 25. Re1 Kh8 26. dxe5 fxe5 27. exd5
cxd5 28. Nxe5 Qxc5 29. Nd3 Qc6 30. Nf4 1-0

[Event "Oberliga Ost B 2016 2017"]
[Site "Germany"]
[Date "2017.04.23"]
[Round "9.2"]
[White "Telljohann, Sven"]
[Black "Lubbe, Melanie"]
[Result "0-1"]
[WhiteElo "2409"]
[BlackElo "2261"]
[PlyCount "86"]
[EventDate "2016.10.16"]
[EventType "team-tourn"]
[EventCountry "GER"]
[WhiteTeam "Frankfurter TV"]
[BlackTeam "Neuberg SF"]
[WhiteTeamCountry "GER"]
[BlackTeamCountry "GER"]

1. b3 Nf6 2. Bb2 g6 3. g3 Bg7 4. Bg2 O-O 5. Nf3 d6 6. d4 c5 7. O-O Nc6 8. Nbd2
Bf5 9. dxc5 dxc5 10. Ne5 Nxe5 11. Bxe5 Qd7 12. Nc4 Rad8 13. Qc1 b5 14. Ne3 Bh3
15. Rd1 Qe6 16. Bxf6 Qxf6 17. Rb1 Bxg2 18. Nxg2 Rxd1+ 19. Qxd1 Qa6 20. a4 bxa4
21. bxa4 Qxa4 22. Rb7 e6 23. h4 a5 24. Qd3 Qa1+ 25. Kh2 Qc3 26. Ra7 Qxd3 27.
cxd3 Bc3 28. Ne3 Rb8 29. Nc4 Rb1 30. Kg2 Ra1 31. g4 a4 32. g5 h6 33. Nd6 hxg5
34. hxg5 a3 35. Nxf7 Kf8 36. Nd8 Bb4 37. Nxe6+ Ke8 38. Kf3 Rc1 39. Rc7 a2 40.
Ng7+ Kf8 41. Ne6+ Kg8 42. Rg7+ Kh8 43. Rf7 c4 0-1

[Event "Oberliga Ost B 2016 2017"]
[Site "Germany"]
[Date "2017.04.23"]
[Round "9.3"]
[White "Kuenstler, Christian"]
[Black "Brueggemann, Ludger"]
[Result "1/2-1/2"]
[WhiteElo "2259"]
[BlackElo "2190"]
[PlyCount "93"]
[EventDate "2016.10.16"]
[EventType "team-tourn"]
[EventCountry "GER"]
[WhiteTeam "Neuberg SF"]
[BlackTeam "Frankfurter TV"]
[WhiteTeamCountry "GER"]
[BlackTeamCountry "GER"]

1. d4 Nf6 2. Nf3 g6 3. Bg5 Bg7 4. Nbd2 O-O 5. c3 d5 6. e3 b6 7. a4 c5 8. Bd3
Nc6 9. O-O Bb7 10. Qb1 Qd7 11. b4 cxb4 12. cxb4 Ne8 13. a5 f6 14. Bh4 e5 15. a6
Bc8 16. b5 Ne7 17. dxe5 fxe5 18. e4 Nd6 19. Qb3 Kh8 20. Bg3 Qe6 21. exd5 Qxd5
22. Qxd5 Nxd5 23. Bxe5 Bxe5 24. Nxe5 Nc3 25. Rfc1 Ncxb5 26. Ndc4 Bf5 27. Bxf5
Nxf5 28. Rd1 Nfd4 29. Kf1 Kg7 30. Nd6 Rad8 31. Nxb5 Nxb5 32. Nc6 Rxd1+ 33. Rxd1
Nc7 34. Ne5 Nxa6 35. Rd7+ Kf6 36. Rxa7 Kxe5 37. Rxa6 Rb8 38. Ke2 Rb7 39. Kd3 b5
40. Kc3 b4+ 41. Kb3 Rf7 42. Ra2 Rf4 43. Re2+ Kf6 44. h3 Rd4 45. Re3 Rf4 46. Re8
Kf7 47. Re2 1/2-1/2

[Event "Oberliga Ost B 2016 2017"]
[Site "Germany"]
[Date "2017.04.23"]
[Round "9.4"]
[White "Rutkowski, Ingo"]
[Black "Wahedi, Ahmad Siar"]
[Result "1/2-1/2"]
[WhiteElo "2168"]
[BlackElo "2294"]
[PlyCount "48"]
[EventDate "2016.10.16"]
[EventType "team-tourn"]
[EventCountry "GER"]
[WhiteTeam "Frankfurter TV"]
[BlackTeam "Neuberg SF"]
[WhiteTeamCountry "GER"]
[BlackTeamCountry "GER"]

1. e4 e6 2. Nf3 d5 3. Nc3 h6 4. d4 Bb4 5. exd5 exd5 6. Bd3 Ne7 7. O-O O-O 8.
Ne2 Nbc6 9. c3 Bd6 10. Bf4 Bxf4 11. Nxf4 Qd6 12. Ne2 Bg4 13. Ng3 Qf6 14. Be2
Rae8 15. h3 Bc8 16. Bd3 Ng6 17. Nh5 Qd6 18. Qd2 Re7 19. Rae1 Rfe8 20. Rxe7 Rxe7
21. Re1 Rxe1+ 22. Qxe1 Nge7 23. Ng3 Kf8 24. Qe3 Bd7 1/2-1/2

[Event "Oberliga Ost B 2016 2017"]
[Site "Germany"]
[Date "2017.04.23"]
[Round "9.5"]
[White "Seifert, Christopher"]
[Black "Neininger, Ralph"]
[Result "1/2-1/2"]
[WhiteElo "2294"]
[BlackElo "2125"]
[PlyCount "85"]
[EventDate "2016.10.16"]
[EventType "team-tourn"]
[EventCountry "GER"]
[WhiteTeam "Neuberg SF"]
[BlackTeam "Frankfurter TV"]
[WhiteTeamCountry "GER"]
[BlackTeamCountry "GER"]

1. c4 Nf6 2. Nc3 e5 3. d3 d5 4. Bg5 d4 5. Nb1 c5 6. g3 Bd7 7. Bg2 Bc6 8. Nf3 h6
9. Bd2 Bd6 10. O-O O-O 11. e4 dxe3 12. Bxe3 Na6 13. Nc3 Nc7 14. a3 Ne6 15. Rb1
a5 16. Nb5 Qd7 17. Nxd6 Qxd6 18. Qd2 a4 19. Rfe1 Ng4 20. Qc3 Nxe3 21. fxe3 f6
22. Rbd1 Rfd8 23. Rd2 Ng5 24. Nxg5 Bxg2 25. Kxg2 hxg5 26. Red1 Qc6+ 27. Kg1
Rac8 28. Qa5 b6 29. Qb5 Qxb5 30. cxb5 Ra8 31. Rc1 Ra5 32. Rc4 Rxb5 33. Rxa4 Rb3
34. Ra6 b5 35. Rb6 c4 36. d4 exd4 37. exd4 Rd5 38. Kf2 g4 39. Rc6 Kf7 40. Ke2
g6 41. Kd1 Re3 42. Kc2 f5 43. a4 1/2-1/2

[Event "Oberliga Ost B 2016 2017"]
[Site "Germany"]
[Date "2017.04.23"]
[Round "9.6"]
[White "Diyap, Murat"]
[Black "Lutz, Klaus Juergen"]
[Result "1/2-1/2"]
[WhiteElo "2084"]
[BlackElo "2277"]
[PlyCount "116"]
[EventDate "2016.10.16"]
[EventType "team-tourn"]
[EventCountry "GER"]
[WhiteTeam "Frankfurter TV"]
[BlackTeam "Neuberg SF"]
[WhiteTeamCountry "GER"]
[BlackTeamCountry "GER"]

1. e4 d6 2. d4 Nf6 3. Nc3 c6 4. Nf3 Bg4 5. h3 Bh5 6. Bd3 e6 7. Ne2 Bxf3 8. gxf3
e5 9. Be3 Qa5+ 10. c3 Nbd7 11. Qb3 Qb6 12. Bc4 Qxb3 13. Bxb3 a5 14. O-O-O a4
15. Bc2 g6 16. f4 Bh6 17. a3 Nh5 18. fxe5 Bxe3+ 19. fxe3 dxe5 20. c4 Nb6 21. c5
Nd7 22. Nc3 Ke7 23. Rhg1 b5 24. cxb6 Nxb6 25. dxe5 Ra5 26. Rd4 Rha8 27. Rb4 Nd7
28. Bxa4 Nxe5 29. Rb7+ Kf8 30. Bb3 R8a7 31. Rb8+ Ke7 32. Kc2 Nf6 33. Rd1 Nfd7
34. Rh8 h5 35. Rf1 Rb7 36. Ba2 Ra6 37. Rd1 Ra5 38. Rd4 Nf3 39. Rd1 Rg5 40. Bc4
Rg2+ 41. Be2 Ng5 42. h4 Nxe4 43. Nxe4 Rxe2+ 44. Rd2 Rxd2+ 45. Nxd2 Rb8 46. Rxb8
Nxb8 47. Ne4 Nd7 48. a4 Ne5 49. a5 Kd8 50. Ng5 f6 51. Ne4 Nf3 52. Nxf6 Nxh4 53.
Kd3 Kc7 54. e4 Nf3 55. Ke3 Ne5 56. Kd4 Nf3+ 57. Ke3 Ne5 58. Kd4 Nf3+ 1/2-1/2

[Event "Oberliga Ost B 2016 2017"]
[Site "Germany"]
[Date "2017.04.23"]
[Round "9.7"]
[White "Schaffer, Hendrik"]
[Black "Du Maire, Jerome"]
[Result "1/2-1/2"]
[WhiteElo "2267"]
[BlackElo "2169"]
[PlyCount "73"]
[EventDate "2016.10.16"]
[EventType "team-tourn"]
[EventCountry "GER"]
[WhiteTeam "Neuberg SF"]
[BlackTeam "Frankfurter TV"]
[WhiteTeamCountry "GER"]
[BlackTeamCountry "GER"]

1. d4 d5 2. c4 e6 3. Nc3 Be7 4. Nf3 Nf6 5. Bg5 h6 6. Bh4 O-O 7. e3 b6 8. Be2
Bb7 9. O-O Nbd7 10. Rc1 c5 11. cxd5 Nxd5 12. Bg3 cxd4 13. Nxd4 Nc5 14. Bf3 Nxc3
15. Rxc3 Ne4 16. Bxe4 Bxe4 17. f3 Bd5 18. Nc6 Bxc6 19. Rxc6 Rc8 20. Rxc8 Qxc8
21. Qa4 a6 22. Be5 b5 23. Qg4 f6 24. Bc3 e5 25. Qxc8 Rxc8 26. Rc1 Kf7 27. Kf1
Ke6 28. e4 h5 29. Bd2 Rxc1+ 30. Bxc1 Bc5 31. Ke2 g6 32. Bd2 Bd4 33. b3 Bc5 34.
Kd3 Kd6 35. h3 Ke6 36. Ba5 Kd7 37. Bd2 1/2-1/2

[Event "Oberliga Ost B 2016 2017"]
[Site "Germany"]
[Date "2017.04.23"]
[Round "9.8"]
[White "Krzesinski, Paul"]
[Black "Scherf, Karl Heinrich"]
[Result "1-0"]
[WhiteElo "2046"]
[BlackElo "1881"]
[PlyCount "49"]
[EventDate "2016.10.16"]
[EventType "team-tourn"]
[EventCountry "GER"]
[WhiteTeam "Frankfurter TV"]
[BlackTeam "Neuberg SF"]
[WhiteTeamCountry "GER"]
[BlackTeamCountry "GER"]

1. e4 c5 2. Nf3 d6 3. d4 cxd4 4. Nxd4 Nf6 5. Nc3 a6 6. Be2 b5 7. a4 b4 8. Nd5
e6 9. Nxf6+ Qxf6 10. a5 Nd7 11. Nc6 Bb7 12. Nxb4 d5 13. c3 dxe4 14. O-O Nc5 15.
Be3 Be7 16. Bxc5 Bxc5 17. Qa4+ Ke7 18. Nxa6 Bd6 19. Nb4 Qe5 20. g3 Rac8 21. Qb5
Bd5 22. Rfd1 Rc5 23. Rxd5 Rxb5 24. Nc6+ Kf6 25. Rxb5 1-0

[Event "Oberliga Ost B 2016 2017"]
[Site "Germany"]
[Date "2017.04.23"]
[Round "9.1"]
[White "Dubiel, Jacek"]
[Black "Rafiee, Makan"]
[Result "1-0"]
[WhiteElo "2423"]
[BlackElo "2318"]
[PlyCount "91"]
[EventDate "2016.10.16"]
[EventType "team-tourn"]
[EventCountry "GER"]
[WhiteTeam "Oberursel SV"]
[BlackTeam "Kasseler SK"]
[WhiteTeamCountry "GER"]
[BlackTeamCountry "GER"]

1. e4 e5 2. Nf3 Nc6 3. Bb5 Nf6 4. O-O Nxe4 5. Re1 Nd6 6. Nxe5 Be7 7. Bf1 Nxe5
8. Rxe5 O-O 9. d4 Bf6 10. Re1 Nf5 11. d5 Re8 12. Nd2 d6 13. Ne4 Be5 14. Bg5 Qd7
15. c3 h6 16. Bd2 g6 17. h3 Kh7 18. Qe2 Qe7 19. f4 Bg7 20. g4 Nh4 21. Ng5+ hxg5
22. Qxe7 Rxe7 23. Rxe7 Nf3+ 24. Kg2 Nxd2 25. fxg5 b5 26. Rxc7 Nc4 27. Bxc4 bxc4
28. Rf1 Kg8 29. Rfxf7 Be5 30. Rfe7 Kf8 31. Rf7+ Kg8 32. Rxa7 Rb8 33. Rfc7 Rxb2+
34. Kf3 Rb8 35. Rxc4 Bb7 36. Ke4 Bh8 37. Ra5 Re8+ 38. Kd3 Re5 39. Rc7 Rxd5+ 40.
Rxd5 Bxd5 41. a4 Bg2 42. h4 Bh3 43. a5 d5 44. Rc6 Kf7 45. a6 Bf1+ 46. Kd2 1-0

[Event "Oberliga Ost B 2016 2017"]
[Site "Germany"]
[Date "2017.04.23"]
[Round "9.2"]
[White "Grafl, Florian"]
[Black "Margolin, Boris"]
[Result "1/2-1/2"]
[WhiteElo "2396"]
[BlackElo "2391"]
[PlyCount "50"]
[EventDate "2016.10.16"]
[EventType "team-tourn"]
[EventCountry "GER"]
[WhiteTeam "Kasseler SK"]
[BlackTeam "Oberursel SV"]
[WhiteTeamCountry "GER"]
[BlackTeamCountry "GER"]

1. Nf3 d5 2. b3 Bf5 3. Bb2 e6 4. e3 Nf6 5. Be2 h6 6. Ne5 Nbd7 7. f4 Be7 8. Bf3
Nxe5 9. fxe5 Nd7 10. O-O O-O 11. d4 Bg6 12. c4 c6 13. cxd5 cxd5 14. Nc3 Rc8 15.
Rc1 a6 16. Qd2 Qb6 17. Na4 Qa7 18. Rxc8 Rxc8 19. Rc1 Qb8 20. Rxc8+ Qxc8 21. Qc3
Qxc3 22. Nxc3 b5 23. Be2 Nb6 24. a4 b4 25. Na2 Bb1 1/2-1/2

[Event "Oberliga Ost B 2016 2017"]
[Site "Germany"]
[Date "2017.04.23"]
[Round "9.5"]
[White "Schlamp, Robert"]
[Black "Kersten, Uwe"]
[Result "1-0"]
[WhiteElo "2263"]
[BlackElo "2253"]
[PlyCount "125"]
[EventDate "2016.10.16"]
[EventType "team-tourn"]
[EventCountry "GER"]
[WhiteTeam "Oberursel SV"]
[BlackTeam "Kasseler SK"]
[WhiteTeamCountry "GER"]
[BlackTeamCountry "GER"]

1. d4 Nf6 2. c4 c5 3. d5 e6 4. Nc3 exd5 5. cxd5 d6 6. e4 g6 7. Nf3 a6 8. a4 Bg4
9. Be2 Bxf3 10. Bxf3 Bg7 11. O-O Nbd7 12. Bf4 Qe7 13. Qd2 O-O 14. Rae1 Rab8 15.
Be2 Ne8 16. Bd3 Nc7 17. Bg5 f6 18. Bh4 b5 19. e5 Nxe5 20. f4 Rfd8 21. fxe5 dxe5
22. Be4 Rb6 23. axb5 axb5 24. Ra1 Ne6 25. Ne2 Nd4 26. Nxd4 exd4 27. Rfe1 Qd7
28. b4 c4 29. Qxd4 Rdb8 30. Qd1 f5 31. Bf3 Bxa1 32. Qxa1 Qg7 33. Qxg7+ Kxg7 34.
Re7+ Kh6 35. Bf2 R8b7 36. Re1 Rf6 37. Bd4 Ra6 38. h4 Rd7 39. Re8 Ra3 40. Be3+
Kg7 41. Kf2 Rd3 42. Rc8 Re7 43. Bg5 Ra7 44. Bf4 Kf7 45. Rc5 Ra2+ 46. Kg3 c3 47.
d6 c2 48. Rc7+ Ke8 49. Kh2 c1=Q 50. Bxc1 Rxd6 51. Bg5 Raa6 52. Rxh7 Rd7 53.
Rh8+ Kf7 54. Rb8 Rdd6 55. Rxb5 Rab6 56. Re5 Rxb4 57. Bd5+ Kg7 58. Be7 Rdb6 59.
Bxb4 Rxb4 60. Kh3 Rb5 61. h5 Kf6 62. hxg6 Kxg6 63. Bf7+ 1-0

[Event "Oberliga Ost B 2016 2017"]
[Site "Germany"]
[Date "2017.04.23"]
[Round "9.6"]
[White "Kearns, Christopher"]
[Black "Koller, Jens"]
[Result "1/2-1/2"]
[WhiteElo "2180"]
[BlackElo "2203"]
[PlyCount "80"]
[EventDate "2016.10.16"]
[EventType "team-tourn"]
[EventCountry "GER"]
[WhiteTeam "Kasseler SK"]
[BlackTeam "Oberursel SV"]
[WhiteTeamCountry "GER"]
[BlackTeamCountry "GER"]

1. e4 c5 2. c3 Nf6 3. e5 Nd5 4. d4 cxd4 5. cxd4 e6 6. Nc3 Nxc3 7. bxc3 Qc7 8.
Bd2 b6 9. Nf3 Bb7 10. Bd3 d6 11. O-O Nd7 12. Ng5 dxe5 13. Qh5 g6 14. Qh3 Be7
15. Rae1 Bd5 16. Bb5 a6 17. c4 Bxc4 18. Bxc4 Qxc4 19. Qf3 O-O 20. Nxf7 Qd5 21.
Nh6+ Kg7 22. Qxd5 exd5 23. dxe5 Rac8 24. Ng4 Rfd8 25. Bh6+ Kg8 26. f4 Nc5 27.
f5 gxf5 28. Rxf5 Ne4 29. Ref1 Bc5+ 30. Kh1 Bf8 31. Rf7 Bxh6 32. Nxh6+ Kh8 33.
g3 Rc6 34. Ng4 d4 35. Rf8+ Rxf8 36. Rxf8+ Kg7 37. Rd8 Rg6 38. Rd7+ Kg8 39. Nf6+
Nxf6 40. exf6 Rxf6 1/2-1/2

[Event "Oberliga Ost B 2016 2017"]
[Site "Germany"]
[Date "2017.04.23"]
[Round "9.8"]
[White "Sergin, Mark"]
[Black "Oparaugo, Thomas"]
[Result "1-0"]
[WhiteElo "2256"]
[BlackElo "2088"]
[PlyCount "61"]
[EventDate "2016.10.16"]
[EventType "team-tourn"]
[EventCountry "GER"]
[WhiteTeam "Kasseler SK"]
[BlackTeam "Oberursel SV"]
[WhiteTeamCountry "GER"]
[BlackTeamCountry "GER"]

1. e4 e5 2. Nf3 Nc6 3. Bc4 Bc5 4. c3 Nf6 5. d3 d6 6. Bb3 h6 7. h3 Qe7 8. Nbd2
Be6 9. Ba4 Bd7 10. Nf1 g6 11. g4 O-O-O 12. Ne3 Bxe3 13. Bxe3 d5 14. Qc2 dxe4
15. dxe4 Be8 16. Nd2 a6 17. b4 Nb8 18. Bb3 Bc6 19. f3 g5 20. O-O-O Ne8 21. Nc4
Ng7 22. Qh2 f6 23. Bc5 Rxd1+ 24. Rxd1 Qe8 25. h4 h5 26. hxg5 hxg4 27. Qg3 Rh3
28. Qxg4+ Bd7 29. Qg2 fxg5 30. Rxd7 Qxd7 31. Nxe5 1-0

[Event "Oberliga Ost B 2016 2017"]
[Site "Germany"]
[Date "2017.04.23"]
[Round "9.1"]
[White "Kunin, Vitaly"]
[Black "Feldtmann, Thomas"]
[Result "1-0"]
[WhiteElo "2595"]
[BlackElo "2221"]
[PlyCount "99"]
[EventDate "2016.10.16"]
[EventType "team-tourn"]
[EventCountry "GER"]
[WhiteTeam "Moerlenbach Birkenau Freibauer"]
[BlackTeam "Marburg SK"]
[WhiteTeamCountry "GER"]
[BlackTeamCountry "GER"]

1. d4 Nf6 2. c4 e6 3. Nf3 Bb4+ 4. Nbd2 O-O 5. a3 Be7 6. e4 d5 7. e5 Nfd7 8.
cxd5 exd5 9. b4 a5 10. b5 c5 11. Bd3 cxd4 12. O-O Nc5 13. Nb3 Nbd7 14. Nxc5
Nxc5 15. Nxd4 f6 16. exf6 Bxf6 17. Bb2 Ne6 18. Nxe6 Bxe6 19. Qh5 g6 20. Qe2
Bxb2 21. Qxb2 Qb6 22. Rae1 Rae8 23. Re3 Bf7 24. Rfe1 d4 25. Rxe8 Rxe8 26. Rxe8+
Bxe8 27. Qe2 Bf7 28. Qe7 Qe6 29. Qd8+ Kg7 30. Bf1 Qd5 31. Qxa5 Qc5 32. Qe1 Kf6
33. a4 Qc3 34. Qe4 Bc4 35. Bxc4 Qxc4 36. h4 Qc1+ 37. Kh2 Qc7+ 38. g3 Qd7 39.
Qf4+ Ke7 40. Qe4+ Kd8 41. Qd3 b6 42. Kg2 Ke7 43. Kf3 Kf6 44. Qe4 Kg7 45. Ke2
Qd6 46. Qc6 Qb4 47. Qc7+ Kf8 48. Qc2 Qa3 49. Qc8+ Ke7 50. Qc7+ 1-0

[Event "Oberliga Ost B 2016 2017"]
[Site "Germany"]
[Date "2017.04.23"]
[Round "9.2"]
[White "Dorst, Johannes"]
[Black "Galdunts, Sergey"]
[Result "1/2-1/2"]
[WhiteElo "2247"]
[BlackElo "2415"]
[PlyCount "28"]
[EventDate "2016.10.16"]
[EventType "team-tourn"]
[EventCountry "GER"]
[WhiteTeam "Marburg SK"]
[BlackTeam "Moerlenbach Birkenau Freibauer"]
[WhiteTeamCountry "GER"]
[BlackTeamCountry "GER"]

1. e4 e5 2. Nf3 Nc6 3. Bb5 a6 4. Bxc6 dxc6 5. O-O Qf6 6. d4 exd4 7. Bg5 Qd6 8.
Nxd4 Bd7 9. Nc3 Ne7 10. Be3 c5 11. Nf3 Qxd1 12. Raxd1 Ng6 13. Nd5 Rc8 14. Rfe1
Bg4 1/2-1/2